| 000 | 00931pam a2200313 i 4500 | ||
|---|---|---|---|
| 001 | 2024166 | ||
| 003 | OSt | ||
| 005 | 20170105101204.0 | ||
| 008 | 741104s1975 dcuc 001 0ceng | ||
| 010 | _a 74026643 | ||
| 020 | _a047098676X | ||
| 035 | _a(OCoLC)ocm01103111 | ||
| 035 | _a(NNC)2024166 | ||
| 040 |
_aDLC _cDLC _dZCU |
||
| 050 | 0 |
_aBF109.A1 _bZ85 |
|
| 060 | _aBF109.A1 Z96n | ||
| 082 | _a150/.92/2 | ||
| 100 | 1 |
_aZusne, Leonard, _d1924-2003. |
|
| 245 | 1 | 0 |
_aNames in the history of psychology : _ba biographical sourcebook / _cLeonard Zusne. |
| 260 |
_aWashington : _bHemisphere Pub. Corp. ; _aNew York : _bdistributed by Wiley, _c[1975] |
||
| 300 |
_axvii, 489 p. : _bports. ; _c25 cm. |
||
| 500 | _aIncludes index. | ||
| 650 | 0 |
_aPsychologists _vBiography. |
|
| 650 | 0 |
_aPsychology _xHistory. |
|
| 650 | 2 |
_aPsychology _vBiography. |
|
| 650 | 2 |
_aPsychology _xhistory. |
|
| 942 |
_2ddc _cBK |
||
| 999 |
_c2915 _d2915 |
||